| 000 | 01242nem0a2200289 4500 | ||
|---|---|---|---|
| 001 | RU\NLR\cart\7216 | ||
| 005 | 20250617204812.0 | ||
| 035 | _a(NLR Aleph) 004277321 | ||
| 090 |
_a2328585 _c2328585 |
||
| 100 | _a20120315d2006 |||y0rusy50 ca | ||
| 101 | 0 | _arus | |
| 102 | _aRU | ||
| 120 | _abyy xx|| | ||
| 123 | 1 |
_aa _b1 300 000 |
|
| 200 | 1 |
_aКировская область. Административная карта _bКарты _eКарта Кировской области на начало 1939 года |
|
| 206 | _a[ок.1:1 300 000, 13 км в 1 см] | ||
| 210 |
_a[Киров] _c[Территор. орган Федерал. службы гос. статистики по Киров. обл.] _d2006 |
||
| 215 |
_a1 к. _cцв. _d42х42 см |
||
| 311 | _aПрил. к кн.; "Памятная книжка Кировской области и календарь на 2006 год" | ||
| 509 | 0 | 1 |
_7ca _aКировская _gобласть _92633415 _3RU\NLR\auth_crt\55233 |
| 606 | 0 |
_aПолитико-административные _92178088 _3RU\NLR\auth_crt\66170 |
|
| 620 | _aРоссия | ||
| 801 | 0 |
_aRU _bNLR _c20120315 _gPSBO |
|
| 852 |
_aNLR _bК _j4-ВВол 1/474 _m85423 |
||
| 942 | _cMAP | ||
| 980 | _aNB | ||